[Event "Tehran Paytakht Cup 4th"]
[Site "Tehran"]
[Date "2019.11.06"]
[Round "8"]
[White "Bashirli, Nail Qoshqar"]
[Black "Cheraghi, Amin"]
[Result "1-0"]
[WhiteElo "2383"]
[BlackElo "2211"]
[PlyCount "65"]
[EventDate "2019.10.30"]
[EventType "swiss"]
[EventRounds "9"]
[EventCountry "IRI"]
[SourceTitle "CBM 192 Extra"]
[Source "Chessbase"]
[SourceDate "2019.11.06"]
[SourceVersion "1"]
[SourceVersionDate "2019.11.06"]
[SourceQuality "1"]

1. e4 c6 2. Nc3 d5 3. d4 dxe4 4. Nxe4 Bf5 5. Ng3 Bg6 6. h4 h6 7. Nf3 Nd7 8. h5 Bh7 9. Bd3 Bxd3 10. Qxd3 e6 11. Bd2 Ngf6 12. 0-0-0 Be7 13. Kb1 Qb6 14. c4 Rd8 15. Nh4 0-0 16. Ngf5 exf5 17. Nxf5 Kh8 18. Qg3 Ne8 19. Nxe7 Qxd4 20. Rhe1 Qc5 21. Bc3 Nef6 22. Bd4 Qa5 23. c5 Rfe8 24. Nf5 Rg8 25. Qf4 Rge8 26. Qg3 Rg8 27. Nxh6 gxh6 28. Qf4 Kg7 29. Re3 Kh7 30. Qf5+ Kg7 31. Bc3 Qc7 32. Rd6 Rge8 33. Rxf6 1-0